[Event "BCF-chT4b 0405 (4NCL)"]
[Site "Telford"]
[Date "2005.04.16"]
[Round "7.2"]
[White "Hammond, Andrew JC"]
[Black "Lam, Paul GM"]
[Result "1-0"]
[WhiteElo "2213"]
[BlackElo "2016"]
[PlyCount "43"]
[EventDate "2004.11.06"]
[EventType "team"]
[EventRounds "11"]
[EventCountry "ENG"]
[SourceTitle "EXT 2006"]
[Source "ChessBase"]
[SourceDate "2005.11.24"]
[SourceVersion "1"]
[SourceVersionDate "2005.11.24"]
[SourceQuality "1"]
[WhiteTeam "Hilsmark Kingfisher II"]
[BlackTeam "Warwicks Select II"]
[WhiteTeamCountry "ENG"]
[BlackTeamCountry "ENG"]

1. d4 e6 2. Nf3 f5 3. h3 Nf6 4. g4 c5 5. Nc3 fxg4 6. hxg4 cxd4 7. Nxd4 Bb4 8. Qd3 Qa5 9. Bd2 Nc6 10. Nxc6 bxc6 11. g5 Ba6 12. Qf3 Nd5 13. g6 0-0-0 14. Rxh7 Rxh7 15. gxh7 Rh8 16. Qf7 Nxc3 17. Qxg7 Qd8 18. a3 Ne4 19. axb4 Kb7 20. Be3 e5 21. Qxe5 Re8 22. h8Q 1-0

[Event "Coventry op"]
[Site "Coventry"]
[Date "2005.03.26"]
[Round "4"]
[White "Hagesaether, Halvard"]
[Black "Lam, Paul GM"]
[Result "1/2-1/2"]
[WhiteElo "2258"]
[BlackElo "2016"]
[PlyCount "92"]
[EventDate "2005.03.24"]
[EventType "swiss"]
[EventRounds "9"]
[EventCountry "ENG"]
[SourceTitle "CBM 105 Extra"]
[Source "ChessBase"]
[SourceDate "2005.05.01"]
[SourceVersion "1"]
[SourceVersionDate "2005.05.01"]
[SourceQuality "1"]

1. e4 Nf6 2. e5 Nd5 3. d4 d6 4. c4 Nb6 5. exd6 exd6 6. Nc3 Be7 7. Bd3 Nc6 8. Nge2 0-0 9. 0-0 Bf6 10. h3 g6 11. Be3 Ne7 12. Ng3 d5 13. c5 Nd7 14. f4 Bh4 15. Qg4 Nxc5 16. Qxh4 Nxd3 17. f5 Nxf5 18. Nxf5 Bxf5 19. Bg5 f6 20. Bh6 Rf7 21. Rxf5 gxf5 22. Qg3+ Kh8 23. Qxd3 c6 24. Qxf5 Qg8 25. Re1 Qg6 26. Qxg6 hxg6 27. Bf4 g5 28. Bg3 Kg7 29. Kf2 Rd7 30. Na4 b6 31. Rc1 Re8 32. Re1 Re4 33. Rxe4 dxe4 34. Ke3 f5 35. Be5+ Kf7 36. b4 Ke6 37. Nc3 a5 38. bxa5 b5 39. g4 Ra7 40. gxf5+ Kxf5 41. Bd6 Rxa5 42. a3 Ra8 43. Nxe4 Re8 44. Be5 Ra8 45. Bd6 Re8 46. Be5 Ra8 1/2-1/2

[Event "Coventry op"]
[Site "Coventry"]
[Date "2005.03.26"]
[Round "5"]
[White "Lam, Paul GM"]
[Black "Allor, Chuckwuka"]
[Result "1-0"]
[WhiteElo "2016"]
[BlackElo "2184"]
[PlyCount "27"]
[EventDate "2005.03.24"]
[EventType "swiss"]
[EventRounds "9"]
[EventCountry "ENG"]
[SourceTitle "CBM 105 Extra"]
[Source "ChessBase"]
[SourceDate "2005.05.01"]
[SourceVersion "1"]
[SourceVersionDate "2005.05.01"]
[SourceQuality "1"]

1. e4 c5 2. Nf3 d6 3. d4 cxd4 4. Qxd4 Nc6 5. Bb5 Bd7 6. Bxc6 Bxc6 7. Nc3 Nf6 8. Bg5 e6 9. 0-0-0 Be7 10. Rhe1 0-0 11. Kb1 Qa5 12. Qd2 Qa6 13. Nd4 Rfd8 14. f4 1-0